| 000 | 00900nam a22002057a 4500 | ||
|---|---|---|---|
| 003 | 0 | ||
| 005 | 20260205082037.0 | ||
| 008 | 260205b xxu||||| |||| 00| 0 eng d | ||
| 020 | _a978-0-545-80139-3 | ||
| 050 |
_aFIC _bHy993 1999 |
||
| 082 |
_aFIC _bHy993 1999 |
||
| 100 | _aHyde, Catherine Ryan | ||
| 245 |
_aPay it forward / _cCatherine Ryan Hyde. |
||
| 260 |
_aNew York, NY : _bScholastic Inc., _c1999. |
||
| 300 |
_axii, 261 pages ; _c20 cm. |
||
| 520 | _aTrevor McKinney, a twelve-year-old boy in a small California town, accepts his teacher's challenge to earn extra credit by coming up with a plan to change the world. His idea is simple: do a good deed for three people and instead of asking them to return the favor, ask them to 'pay it forward' to three others who need help. | ||
| 650 | _aJuvenile fiction. | ||
| 650 |
_aVisionary & metaphysical _vJuvenile fiction. |
||
| 942 |
_2ddc _cBK |
||
| 999 |
_c368792 _d368792 |
||